Theodora Blätterbauera obraz Legnicy i Śla̜ska 2 połowy XIX wieku

Titel: Theodora Blätterbauera obraz Legnicy i Śla̜ska 2 połowy XIX wieku = Theodor Blätterbauers Darstellung von Liegnitz und Schlesien der 2. Hälfte des 19. Jhs. : [organizatorzy wystawy: Muzeum Okre̜gowe w Legnicy, Liegnitzer Sammlung Wuppertal; czas trwania wystawy: wrzesień - listopad 1993, September - November 1993] / [autor wystawy: Gerhard Kaske]
Beteiligt: ;
Körperschaft:
Veröffentlicht: Legnica : Muzeum Okre̜gowe, 1993
Umfang: 66 S. : überw. Ill.
Format: Buch
Sprache: Polnisch; Deutsch
Kein Bild verfügbar
X
Lokale Klassifikation: 14 9 B 501 ; 14 9 F ; 2 B 1842
alg: 22534947
001A    $03004:16-07-10 
001B    $01999:03-06-23 $t05:01:17.000 
001C    $03004:03-09-10 $t11:24:53.000 
001D    $03004:02-09-10 
001U    $0utf8 
001X    $00 
002@    $0Aau 
003@    $0225349477 
007A    $0225349477 $aHEB 
007G    $0DE020369ED3496CC26151C12578C00045F48E 
007T    $0Herdhh225349477 
009P    $qapplication/pdf $A2 $3Inhaltsverzeichnis $uhttp://scans.hebis.de/HEBCGI/show.pl?22534947_toc.pdf $mV:DE-603;B:DE-Mb50 
010@    $apol $ager 
011@    $a1993 
021A    $aTheodora Blätterbauera obraz Legnicy i Śla̜ska 2 połowy XIX wieku  $d[organizatorzy wystawy: Muzeum Okre̜gowe w Legnicy, Liegnitzer Sammlung Wuppertal; czas trwania wystawy: wrzesień - listopad 1993, September - November 1993] $fTheodor Blätterbauers Darstellung von Liegnitz und Schlesien der 2. Hälfte des 19. Jhs. $h[autor wystawy: Gerhard Kaske] 
027A/01 $aTheodor Blätterbauers Darstellung von Liegnitz und Schlesien der 2. Hälfte des 19. Jhs. : [organizatorzy wystawy: Muzeum Okręgowe w Legnicy, Liegnitzer Sammlung Wuppertal; czas trwania wystawy: wrzesień - listopad 1993, September - November 1993] 
028C    $BHrsg. $#Kaske, Paul Siegfried Gerhard $7107107538 $8Kaske, Gerhard$Z1925-2019 [Tp1] $9142042447 
028C/01 $#Blätterbauer, Th. $711907365X $8Blätterbauer, Theodor$Z1823-1906 [Tp1] $9087413906 
029F    $75110396-5 $8Muzeum Okre̜gowe$gLegnica [Tb1] $9045220557 
029F/01 $72117847-1 $8Liegnitzer Sammlung$gWuppertal [Tb1] $9043618987 
033A    $pLegnica $nMuzeum Okre̜gowe 
034D    $a66 S. 
034M    $aüberw. Ill. 
045F    $a069.094385 $eDDC23BSB 
045F/01 $a069 
045F/03 $g4385 
045G    $a709.4385 $eDDC23BSB 
045G/01 $a709 
045G/03 $g4385 
046L    $aText poln. und dt. 

lok: 22534947 24
101B    $002-09-10 $t08:23:37.000 
101C    $002-09-10 
101U    $0utf8 
145Z/01 $a14 9 B 501 
145Z/02 $a14 9 F 
145Z/03 $a2 B 1842 

exp: 22534947 24 1 #EPN
201B/01 $003-09-10 $t11:24:53.000 
201C/01 $016-07-10 
201U/01 $0utf8 
203@/01 $0596377525 
208@/01 $a10-08-10 $bz 
209A/01 $a10.4525 $du $f050 $h10 4525 $x00 
209C/01 $a10.4525 K $h10 4525 K 
209G/01 $a72669436 $x00 
220C/01 $anie 
244Z/01 $#Blätterbauer, Th. $711907365X $8--Tp1--Blätterbauer, Theodor$Z1823-1906 $x01 $9087413906 
247C/01 $8358050-7 Marburg, Bibliothek des Herder-Instituts Marburg $9102600961 

lok: 22534947 78

exp: 22534947 78 1 #EPN
201B/01 $019-04-17 $t21:51:55.000 
201U/01 $0utf8 
203@/01 $0794551947 
208@/01 $a12-11-16 $be 
209A/01 $a/ $f000 $x00 
237A/01 $aText poln. und dt. - weiterführende Signatur(en): Herder-Institut: 10.4525 
244Z/01 $2Trx $#Silesia $#Śląsk $#Sliezsko $#Slezsko $8--Trx--Schlesien $x01 $9391173987 
244Z/01 $2Trx $#dzieło zbiorowe $8--Trx--Sammelwerk $x02 $9391384597 
245Z/01 $a11.10 $x01 
247C/01 $82080>Marburg/Lahn, Herder-Institut, Forschungsbibliothek, Bibliographieportal $9336309341
LEADER 00000cam a2200000 c 4500
001 225349477
003 DE-603
005 20230603050117.0
007 tu
008 100716s1993 xx |||| | u00||u|pol c
035 |a (DE-599)HEB225349477 
040 |a DE-603  |b ger  |c DE-603  |d DE-603 
041 |a pol  |a ger 
082 0 4 |8 1\u  |a 069.094385  |q DE-101  |2 23/BSB 
083 0 |8 2\u  |a 709.4385  |q DE-101  |2 23/BSB 
085 |8 1\u  |b 069 
085 |8 1\u  |z 2  |s 4385 
085 |8 2\u  |b 709 
085 |8 2\u  |z 2  |s 4385 
245 0 0 |a Theodora Blätterbauera obraz Legnicy i Śla̜ska 2 połowy XIX wieku   |b = Theodor Blätterbauers Darstellung von Liegnitz und Schlesien der 2. Hälfte des 19. Jhs. : [organizatorzy wystawy: Muzeum Okre̜gowe w Legnicy, Liegnitzer Sammlung Wuppertal; czas trwania wystawy: wrzesień - listopad 1993, September - November 1993]  |c [autor wystawy: Gerhard Kaske] 
246 1 3 |a Theodor Blätterbauers Darstellung von Liegnitz und Schlesien der 2. Hälfte des 19. Jhs. : [organizatorzy wystawy: Muzeum Okręgowe w Legnicy, Liegnitzer Sammlung Wuppertal; czas trwania wystawy: wrzesień - listopad 1993, September - November 1993] 
264 1 |a Legnica  |b Muzeum Okre̜gowe  |c 1993 
300 |a 66 S.  |b überw. Ill. 
546 |a Text poln. und dt. 
700 1 |a Kaske, Gerhard  |d 1925-2019  |e Hrsg.  |4 edt  |0 (DE-603)142042447  |0 (DE-588)107107538  |2 gnd 
700 1 |a Blätterbauer, Theodor  |d 1823-1906  |0 (DE-603)087413906  |0 (DE-588)11907365X  |2 gnd 
710 2 |a Muzeum Okre̜gowe  |g Legnica  |0 (DE-603)045220557  |0 (DE-588)5110396-5  |2 gnd 
710 2 |a Liegnitzer Sammlung  |g Wuppertal  |0 (DE-603)043618987  |0 (DE-588)2117847-1  |2 gnd 
856 4 2 |m V:DE-603;B:DE-Mb50  |q application/pdf  |u http://scans.hebis.de/HEBCGI/show.pl?22534947_toc.pdf  |3 Inhaltsverzeichnis 
924 0 |9 Mb 50  |a (DE-603)596377525  |b DE-Mb50  |c HES  |d c  |g 10.4525 
924 0 |9 2080  |a (DE-603)794551947  |b DE-2080  |c HES  |d d  |g /